[Event "Santo Domingo op"]
[Site "Santo Domingo"]
[Date "2006.11.06"]
[Round "9"]
[White "Belorusov, Mikhail"]
[Black "Mateo, Ramon"]
[Result "0-1"]
[WhiteElo "2315"]
[BlackElo "2415"]
[PlyCount "60"]
[EventDate "2006.10.31"]
[EventType "swiss"]
[EventRounds "9"]
[EventCountry "DOM"]
[SourceTitle "EXT 2007"]
[Source "ChessBase"]
[SourceDate "2006.11.23"]
[SourceVersion "1"]
[SourceVersionDate "2006.11.23"]
[SourceQuality "1"]

1. e4 c5 2. c3 Nf6 3. e5 Nd5 4. d4 cxd4 5. Qxd4 e6 6. Nf3 Nc6 7. Qe4 f5 8. Qe2 Qc7 9. g3 b5 10. Bg2 a5 11. 0-0 Ba6 12. Re1 Bc5 13. Nh4 0-0 14. Bxd5 exd5 15. Bf4 Rae8 16. Nd2 d6 17. Qf3 Nxe5 18. Bxe5 dxe5 19. Qxd5+ Kh8 20. Nb3 Bb6 21. Rad1 a4 22. Nc1 f4 23. Nd3 fxg3 24. hxg3 e4 25. Nf4 Rxf4 26. gxf4 Qxf4 27. Ng2 Bxf2+ 28. Kf1 Qf3 29. Qxe4 b4+ 30. c4 Bxc4+ 0-1

[Event "Las Vegas Masters"]
[Site "Las Vegas"]
[Date "2006.06.14"]
[Round "9"]
[White "Almeida Saenz, Alfonso"]
[Black "Belorusov, Mikhail"]
[Result "1-0"]
[WhiteElo "2400"]
[BlackElo "2309"]
[PlyCount "61"]
[EventDate "2006.06.10"]
[EventType "swiss"]
[EventRounds "9"]
[EventCountry "USA"]
[SourceTitle "CBM 112 Extra"]
[Source "ChessBase"]
[SourceDate "2006.07.14"]
[SourceVersion "1"]
[SourceVersionDate "2006.07.14"]
[SourceQuality "1"]

1. d4 c5 2. e3 e6 3. Nf3 d5 4. c4 cxd4 5. exd4 Nf6 6. Nc3 Nc6 7. c5 Bd7 8. a3 b6 9. b4 bxc5 10. dxc5 a6 11. Bf4 Nh5 12. Be3 Be7 13. g4 Nf6 14. g5 Ne4 15. Nxe4 dxe4 16. Nd2 Bxg5 17. Nxe4 Bxe3 18. Nd6+ Kf8 19. Qf3 Ne5 20. Qxe3 Bc6 21. Qxe5 Bxh1 22. Rd1 Qf6 23. Qe3 h5 24. Nc4 Bf3 25. Ne5 Ra7 26. Nxf3 Ke7 27. c6 Rc7 28. Qc5+ Ke8 29. Ne5 h4 30. Rd7 Rh5 31. f4 1-0

[Event "Las Vegas Masters"]
[Site "Las Vegas"]
[Date "2006.06.13"]
[Round "7"]
[White "Bartholomew, John"]
[Black "Belorusov, Mikhail"]
[Result "1-0"]
[WhiteElo "2406"]
[BlackElo "2309"]
[PlyCount "47"]
[EventDate "2006.06.10"]
[EventType "swiss"]
[EventRounds "9"]
[EventCountry "USA"]
[SourceTitle "CBM 112 Extra"]
[Source "ChessBase"]
[SourceDate "2006.07.14"]
[SourceVersion "1"]
[SourceVersionDate "2006.07.14"]
[SourceQuality "1"]

1. e4 e6 2. d3 d5 3. Nd2 f5 4. e5 c5 5. Ngf3 Nc6 6. c3 g5 7. h3 h5 8. d4 g4 9. hxg4 fxg4 10. Nh4 cxd4 11. cxd4 Nxd4 12. Qa4+ Nc6 13. Bd3 Qc7 14. Ng6 Rh6 15. Nb3 Bb4+ 16. Kf1 Rh7 17. Be3 Bd7 18. Rc1 Be7 19. Nxe7 Rxe7 20. Rxh5 Rg7 21. Qf4 0-0-0 22. Nd4 a6 23. b4 Be8 24. Nxe6 1-0

[Event "Philadelphia National op 34th"]
[Site "Philadelphia"]
[Date "2003.11.30"]
[Round "6"]
[White "Sherzer, Alex"]
[Black "Belorusov, Mikhail"]
[Result "1-0"]
[WhiteElo "2494"]
[BlackElo "2300"]
[PlyCount "77"]
[EventDate "2003.11.28"]
[EventType "swiss"]
[EventRounds "6"]
[EventCountry "USA"]
[SourceTitle "CBM 097 Extra"]
[Source "ChessBase"]
[SourceDate "2004.01.13"]
[SourceVersion "1"]
[SourceVersionDate "2004.01.13"]
[SourceQuality "1"]

1. e4 e6 2. d4 d5 3. Nc3 Bb4 4. e5 c5 5. a3 cxd4 6. axb4 dxc3 7. Qg4 Ne7 8. Qxg7 Rg8 9. Qxh7 Qc7 10. Nf3 Nbc6 11. Ra3 cxb2 12. Bxb2 Nxb4 13. Bb5+ Bd7 14. Rc3 Bc6 15. 0-0 Qd7 16. Bxc6 Nbxc6 17. Ba3 0-0-0 18. Nd4 Ng6 19. Nxc6 bxc6 20. Bd6 f6 21. Rb1 Qxh7 22. Rxc6+ Kd7 23. Rc7+ Ke8 24. Rxh7 fxe5 25. Rxa7 e4 26. Bc5 d4 27. Rb6 Rd5 28. Rb8+ Rd8 29. Rxd8+ Kxd8 30. Ra8+ Kd7 31. Rxg8 Nf4 32. Kf1 e5 33. h4 Kc6 34. Ba7 Kb7 35. Rg7+ Ka6 36. g3 Nd5 37. h5 d3 38. cxd3 exd3 39. Ke1 1-0

[Event "Philadelphia National op 33rd"]
[Site "Philadelphia"]
[Date "2002.11.30"]
[Round "4"]
[White "Belorusov, Mikhail"]
[Black "Strenzwilk, Denis"]
[Result "1/2-1/2"]
[WhiteElo "2311"]
[BlackElo "2161"]
[PlyCount "71"]
[EventDate "2002.11.29"]
[EventType "swiss"]
[EventRounds "6"]
[EventCountry "USA"]
[SourceTitle "CBM 091 Extra"]
[Source "ChessBase"]
[SourceDate "2003.01.09"]
[SourceVersion "1"]
[SourceVersionDate "2003.01.09"]
[SourceQuality "1"]

1. e4 d5 2. exd5 Nf6 3. d4 Nxd5 4. c4 Nb6 5. Nc3 e5 6. Nf3 Bg4 7. Be3 exd4 8. Qxd4 Qxd4 9. Nxd4 Nc6 10. Nxc6 bxc6 11. h3 Be6 12. b3 Bb4 13. Rc1 0-0 14. Be2 a5 15. Bf3 a4 16. Bxc6 axb3 17. axb3 Ra3 18. 0-0 Nxc4 19. bxc4 Rxc3 20. Bd5 Bxd5 21. cxd5 Rd3 22. Rxc7 Rxd5 23. Rb7 Bc3 24. Rc1 Be5 25. f4 Bd4 26. Bxd4 Rxd4 27. f5 Rd5 28. g4 h5 29. Kg2 Ra8 30. Kg3 hxg4 31. hxg4 Ra3+ 32. Kh4 Rd8 33. Kg5 Rh3 34. f6 Rd5+ 35. Kf4 gxf6 36. Rc4 1/2-1/2

[Event "Richard Aronow Memorial"]
[Site "Philadelphia"]
[Date "2002.07.20"]
[Round "8"]
[White "Belorusov, Mikhail"]
[Black "Kriventsov, Stanislav G"]
[Result "1-0"]
[WhiteElo "2293"]
[BlackElo "2443"]
[PlyCount "61"]
[EventDate "2002.07.12"]
[EventType "tourn"]
[EventRounds "9"]
[EventCountry "USA"]
[EventCategory "6"]
[SourceTitle "CBM 089 Extra"]
[Source "ChessBase"]
[SourceDate "2002.09.10"]
[SourceVersion "2"]
[SourceVersionDate "2002.09.10"]
[SourceQuality "1"]

1. e4 c5 2. c3 Nf6 3. e5 Nd5 4. d4 cxd4 5. Qxd4 e6 6. Nf3 Nc6 7. Qe4 f5 8. Qe2 Be7 9. g3 0-0 10. Bg2 Qc7 11. 0-0 h6 12. Re1 d6 13. Nbd2 dxe5 14. Nxe5 Nxe5 15. Qxe5 Bd6 16. Qe2 f4 17. Nc4 fxg3 18. hxg3 Rxf2 19. Kxf2 Bxg3+ 20. Kf1 Bd7 21. Ne5 Rf8+ 22. Kg1 Qc5+ 23. Be3 Nxe3 24. Nxd7 Qg5 25. Nxf8 Ng4 26. Qxe6+ Kh8 27. Qd5 Bf2+ 28. Kf1 Qf6 29. Ng6+ Kh7 30. Nf4 Bxe1 31. Qe4+ 1-0

[Event "Richard Aronow Memorial"]
[Site "Philadelphia"]
[Date "2002.07.18"]
[Round "6"]
[White "Smith, Bryan G"]
[Black "Belorusov, Mikhail"]
[Result "1/2-1/2"]
[WhiteElo "2412"]
[BlackElo "2293"]
[PlyCount "22"]
[EventDate "2002.07.12"]
[EventType "tourn"]
[EventRounds "9"]
[EventCountry "USA"]
[EventCategory "6"]
[SourceTitle "CBM 089 Extra"]
[Source "ChessBase"]
[SourceDate "2002.09.10"]
[SourceVersion "2"]
[SourceVersionDate "2002.09.10"]
[SourceQuality "1"]

1. e4 c5 2. Nf3 Nc6 3. Nc3 d6 4. d4 cxd4 5. Nxd4 Nf6 6. Bc4 Qb6 7. Nb3 e6 8. Be3 Qc7 9. Qe2 a6 10. 0-0-0 b5 11. Bd3 Nb4 1/2-1/2

[Event "Richard Aronow Memorial"]
[Site "Philadelphia"]
[Date "2002.07.13"]
[Round "2"]
[White "Belorusov, Mikhail"]
[Black "Lapshun, Yury"]
[Result "1/2-1/2"]
[WhiteElo "2293"]
[BlackElo "2393"]
[PlyCount "127"]
[EventDate "2002.07.12"]
[EventType "tourn"]
[EventRounds "9"]
[EventCountry "USA"]
[EventCategory "6"]
[SourceTitle "CBM 089 Extra"]
[Source "ChessBase"]
[SourceDate "2002.09.10"]
[SourceVersion "2"]
[SourceVersionDate "2002.09.10"]
[SourceQuality "1"]

1. e4 e5 2. f4 d5 3. exd5 e4 4. Nc3 Nf6 5. d3 Bb4 6. Bd2 e3 7. Bxe3 Nxd5 8. Bd2 Bxc3 9. Bxc3 0-0 10. Qd2 Re8+ 11. Be2 Qd6 12. 0-0-0 Nxc3 13. Qxc3 Qxf4+ 14. Kb1 Nc6 15. Bf3 Bg4 16. Rf1 Bxf3 17. Nxf3 Re2 18. g3 Qe3 19. Nh4 Re8 20. a3 Re6 21. Nf5 Qe5 22. Qc4 h6 23. g4 Rxh2 24. Rhg1 b5 25. Qb3 g6 26. d4 Nxd4 27. Nxd4 Qxd4 28. Qxb5 Kg7 29. Rd1 Rd2 30. Rxd2 Qxd2 31. Qa4 a6 32. Ka2 Qd5+ 33. Ka1 Qe4 34. c4 Qd4 35. Rg2 c5 36. Ka2 Qd3 37. Qb3 Re3 38. Qxd3 Rxd3 39. b4 cxb4 40. axb4 Rc3 41. c5 a5 42. b5 Rxc5 43. Rb2 Rc7 44. Ka3 f5 45. gxf5 g5 46. Ka4 h5 47. b6 Rb7 48. Kxa5 Kf6 49. Ka6 Rb8 50. Ka7 Rg8 51. b7 g4 52. b8Q Rxb8 53. Rxb8 Kxf5 54. Rh8 Kg5 55. Kb6 g3 56. Kc5 Kf4 57. Kd4 g2 58. Rf8+ Kg3 59. Rg8+ Kh2 60. Ke3 g1Q+ 61. Rxg1 Kxg1 62. Kf3 h4 63. Kg4 h3 64. Kxh3 1/2-1/2

[Event "Donald Byrne Memorial"]
[Site "Penn State"]
[Date "2002.02.24"]
[Round "6"]
[White "Belorusov, Mikhail"]
[Black "Chiong Zacarias, Romero Luis"]
[Result "0-1"]
[WhiteElo "2299"]
[BlackElo "2364"]
[PlyCount "80"]
[EventDate "2002.02.20"]
[EventType "tourn"]
[EventRounds "9"]
[EventCountry "USA"]
[EventCategory "4"]
[SourceTitle "CBM 086 Extra"]
[Source "ChessBase"]
[SourceDate "2002.03.14"]
[SourceVersion "1"]
[SourceVersionDate "2002.03.14"]
[SourceQuality "1"]

1. e4 c5 2. c3 d6 3. d4 Nf6 4. f3 Qc7 5. Bf4 e5 6. Be3 Be7 7. d5 0-0 8. Ne2 Ne8 9. g4 Bh4+ 10. Ng3 g6 11. Bd3 Ng7 12. Ke2 c4 13. Bc2 Nd7 14. Rg1 b6 15. Qd2 f6 16. Rg2 Ba6 17. Bh6 Rf7 18. Na3 Nc5 19. Rag1 Kh8 20. g5 Bxg5 21. Bxg5 fxg5 22. Qxg5 Nd3 23. Bxd3 cxd3+ 24. Kd1 Rxf3 25. h4 Qd8 26. Qh6 Qf6 27. h5 Qf4 28. Qxf4 exf4 29. h6 fxg3 30. hxg7+ Kxg7 31. Rxg3 Rf2 32. R3g2 Rxg2 33. Rxg2 Re8 34. Rg4 h5 35. Rh4 Kh6 36. Rf4 Kg5 37. Rf7 h4 38. Rxa7 h3 39. Rh7 Kg4 40. b4 Rxe4 0-1

[Event "Donald Byrne Memorial"]
[Site "Penn State"]
[Date "2002.02.21"]
[Round "2"]
[White "Belorusov, Mikhail"]
[Black "Adu, Oladapo"]
[Result "1/2-1/2"]
[WhiteElo "2299"]
[BlackElo "2239"]
[PlyCount "115"]
[EventDate "2002.02.20"]
[EventType "tourn"]
[EventRounds "9"]
[EventCountry "USA"]
[EventCategory "4"]
[SourceTitle "CBM 086 Extra"]
[Source "ChessBase"]
[SourceDate "2002.03.14"]
[SourceVersion "1"]
[SourceVersionDate "2002.03.14"]
[SourceQuality "1"]

1. e4 c5 2. c3 e6 3. d4 d5 4. exd5 exd5 5. Nf3 Nc6 6. Bd3 c4 7. Be2 Bf5 8. b3 b5 9. Ne5 Nxe5 10. dxe5 Bc5 11. Bf3 Bd3 12. bxc4 bxc4 13. Qa4+ Kf8 14. Ba3 Bxa3 15. Qxa3+ Ne7 16. Be2 Bxe2 17. Kxe2 d4 18. Rd1 d3+ 19. Kf1 Qc7 20. Nd2 g6 21. Kg1 Kg7 22. Nxc4 Qxc4 23. Qxe7 Rhd8 24. g3 d2 25. h4 Qxc3 26. Qf6+ Kg8 27. h5 Re8 28. h6 Qxe5 29. Qxe5 Rxe5 30. Rxd2 Rh5 31. Rc1 Rxh6 32. Rc7 Rh5 33. Rdd7 Rf5 34. Rxa7 Rb8 35. Rd2 Rb1+ 36. Kg2 h5 37. Rd3 Kg7 38. Rf3 Rxf3 39. Kxf3 g5 40. a4 Kg6 41. a5 Ra1 42. Ra8 Kf5 43. a6 Ra3+ 44. Kg2 Ra2 45. a7 f6 46. Kf3 Ra4 47. Ke3 Kg4 48. Ke2 Ra2+ 49. Ke3 f5 50. Rg8 Ra3+ 51. Ke2 Rxa7 52. f3+ Kxg3 53. Rxg5+ Kf4 54. Rxh5 Ra2+ 55. Kf1 Ra3 56. Kg2 Ra2+ 57. Kf1 Rb2 58. Kg1 1/2-1/2

[Event "Bermuda op"]
[Site "Bermuda"]
[Date "2002.02.03"]
[Round "5"]
[White "Belorusov, Mikhail"]
[Black "Perelshteyn, Eugene"]
[Result "0-1"]
[WhiteElo "2299"]
[BlackElo "2451"]
[PlyCount "91"]
[EventDate "2002.02.01"]
[EventType "swiss"]
[EventRounds "5"]
[EventCountry "BER"]
[SourceTitle "CBM 086 Extra"]
[Source "ChessBase"]
[SourceDate "2002.03.14"]
[SourceVersion "1"]
[SourceVersionDate "2002.03.14"]
[SourceQuality "1"]

1. e4 c5 2. c3 g6 3. d4 cxd4 4. cxd4 d5 5. exd5 Nf6 6. Nf3 Bg7 7. Nc3 0-0 8. Qb3 Nbd7 9. Bc4 Nb6 10. 0-0 Bf5 11. Ne5 Rc8 12. Be2 Nfxd5 13. Bd2 Be6 14. Qa3 Qd6 15. Nb5 Qxa3 16. Nxa3 Nd7 17. Nxd7 Bxd7 18. Bf3 Bc6 19. Be3 Rfd8 20. Rfd1 e6 21. Rac1 Nb4 22. Bxc6 Rxc6 23. Rxc6 bxc6 24. Rd2 Nxa2 25. Kf1 Rd5 26. Ke2 Nc1+ 27. Kf1 Nb3 28. Rc2 Nxd4 29. Rc4 c5 30. g3 a5 31. h3 Nf5 32. Bc1 Rd1+ 33. Kg2 Rxc1 34. Rxc1 Bxb2 35. Rxc5 Bxa3 36. Rxa5 Bb4 37. Ra8+ Kg7 38. Kf3 Nd6 39. Ra6 Ne8 40. Ke4 h5 41. g4 hxg4 42. hxg4 g5 43. f4 Nf6+ 44. Kf3 gxf4 45. Kxf4 Nd5+ 46. Kf3 0-1

[Event "Bermuda op"]
[Site "Bermuda"]
[Date "2002.02.03"]
[Round "4"]
[White "Lesiege, Alexandre"]
[Black "Belorusov, Mikhail"]
[Result "0-1"]
[WhiteElo "2572"]
[BlackElo "2299"]
[PlyCount "80"]
[EventDate "2002.02.01"]
[EventType "swiss"]
[EventRounds "5"]
[EventCountry "BER"]
[SourceTitle "CBM 086 Extra"]
[Source "ChessBase"]
[SourceDate "2002.03.14"]
[SourceVersion "1"]
[SourceVersionDate "2002.03.14"]
[SourceQuality "1"]

1. d4 d5 2. c4 e6 3. Nc3 f5 4. Bf4 Nf6 5. e3 c6 6. Bd3 Bd6 7. Nge2 Qe7 8. 0-0 0-0 9. Rc1 Kh8 10. Qc2 Nh5 11. Bxd6 Qxd6 12. f3 g6 13. e4 dxc4 14. Bxc4 e5 15. Rfd1 Ng7 16. Kh1 exd4 17. Rxd4 Qe7 18. Bb3 Na6 19. Qd2 Nc5 20. Bc2 fxe4 21. Nxe4 Nxe4 22. Bxe4 Be6 23. Rd1 Nh5 24. Rd6 Nf6 25. Nc3 Bd5 26. Rxf6 Qxf6 27. Bxd5 cxd5 28. Nxd5 Qg7 29. Nc3 h6 30. h3 Kh7 31. Re1 Rfe8 32. Ne4 Re7 33. Qf2 b6 34. Rd1 Rf8 35. Qd4 Qxd4 36. Rxd4 Rc8 37. Rd2 Kg7 38. Kg1 Rec7 39. Kf1 Rc1+ 40. Ke2 R8c2 0-1

[Event "World op 29th"]
[Site "Philadelphia"]
[Date "2001.07.07"]
[Round "7"]
[White "Belorusov, Mikhail"]
[Black "Ashley, Maurice"]
[Result "0-1"]
[WhiteElo "2298"]
[BlackElo "2484"]
[PlyCount "66"]
[EventDate "2001.06.30"]
[EventType "swiss"]
[EventRounds "9"]
[EventCountry "USA"]
[SourceTitle "EXT 2002"]
[Source "ChessBase"]
[SourceDate "2001.11.25"]
[SourceVersion "1"]
[SourceVersionDate "2001.11.25"]
[SourceQuality "1"]

1. e4 c5 2. c3 Nf6 3. e5 Nd5 4. d4 cxd4 5. Qxd4 e6 6. Nf3 Nc6 7. Qe4 d6 8. Nbd2 f5 9. exf6 Nxf6 10. Qh4 d5 11. g4 d4 12. g5 dxc3 13. bxc3 Nd5 14. Bd3 Nf4 15. Qxf4 Qxd3 16. Bb2 Be7 17. h4 Rf8 18. Qe3 Qc2 19. Rb1 b6 20. 0-0 Qf5 21. Nd4 Nxd4 22. cxd4 Bb7 23. Rbe1 Bd5 24. f3 Qh3 25. Qe5 Qxh4 26. Ne4 Rf5 27. Qh2 Qxh2+ 28. Kxh2 Bxa2 29. f4 Kd7 30. Rf2 Bd5 31. Kg3 Raf8 32. Kg4 Bxe4 33. Rxe4 Rxg5+ 0-1

[Event "St John's University"]
[Site "New York"]
[Date "2001.06.19"]
[Round "2"]
[White "Belorusov, Mikhail"]
[Black "Morrison, William"]
[Result "1/2-1/2"]
[WhiteElo "2298"]
[BlackElo "2381"]
[PlyCount "112"]
[EventDate "2001.06.18"]
[EventType "tourn"]
[EventRounds "9"]
[EventCountry "USA"]
[EventCategory "4"]
[SourceTitle "EXT 2002"]
[Source "ChessBase"]
[SourceDate "2001.11.25"]
[SourceVersion "1"]
[SourceVersionDate "2001.11.25"]
[SourceQuality "1"]

1. e4 e5 2. Nf3 Nc6 3. Bb5 a6 4. Ba4 Nf6 5. 0-0 Be7 6. Re1 b5 7. Bb3 d6 8. h3 0-0 9. c3 Nb8 10. d4 Nbd7 11. a4 Bb7 12. d5 c6 13. Bg5 Nc5 14. Bxf6 Bxf6 15. Bc2 cxd5 16. exd5 Nxa4 17. Bxa4 bxa4 18. Rxa4 Qd7 19. b3 g6 20. c4 Bg7 21. Nbd2 h6 22. Nf1 Rae8 23. Ra2 Qc7 24. Qd2 f5 25. Rd1 Bc8 26. Qa5 Qa7 27. Rad2 f4 28. Re2 e4 29. Qe1 Bf5 30. Nh4 Bf6 31. Nxf5 gxf5 32. Kh1 Kh7 33. f3 Rg8 34. Qf2 e3 35. Qe1 Rg6 36. Qb4 Bh4 37. c5 Qxc5 38. Qxf4 Qb5 39. Qc4 Bf2 40. Qxb5 axb5 41. Rd4 h5 42. g4 hxg4 43. fxg4 Kh6 44. Kg2 Re5 45. Nh2 Rg8 46. Nf3 Ree8 47. Rf4 fxg4 48. hxg4 Ref8 49. Rxf8 Rxf8 50. Nd4 Rf4 51. Nxb5 Rxg4+ 52. Kf3 Rb4 53. Nxd6 Kg6 54. Rb2 Rd4 55. Nc8 Kf6 56. d6 Ke6 1/2-1/2